000
00236nam a2200097Ia 4500
001
1064866
005
20250827001723.0
008
250824s9999 xx 000 0 und d
245
0
_a
KÜRŞAD
_c
ORHAN YENİARAS
260
_b
PANAMA YAYINLARI
999
_c
1064866
_d
1064866